zpět

Detail výsledku týmu

S-bar PO, Kroměříž

Datum a čas kvízu

26 Celkem bodů Celkový počet nahraných bodů na tomto kvízu bez doplňovacích otázek.
2. Pořadí na kvízu Konečné umístění týmu na tomto kvízu.

Zaznamenané odpovědi

# Otázka Odpověď Body Výsledky
1. Sociální demokraté si novým šé... 1
2. Nejmladší evropský stát Kosovo... 0
3. V Berlíně minulý týden začal d... 0
4. Mimořádná valná hromada jedné... 0
5. Aksel Lund Svindal jako první... 1
6. Která slavná americká kapela n... 0
7. Kdo bývá v řecké mytologii ozn... 1
8. Který z těchto výrobků nepatří... 0
9. Orion je kosmická loď vyvíjená... 0
10. Odrůda jablek Orion byla vyšle... 1